Gospel characters: (Record no. 5077)

000 -LEADER
fixed length control field 00672nam a2200205 a 4500
001 - CONTROL NUMBER
control field :::00002818$&:&@@
003 - CONTROL NUMBER IDENTIFIER
control field OkBaRHE
005 - DATE AND TIME OF LATEST TRANSACTION
control field 20100401122142.0
008 - FIXED-LENGTH DATA ELEMENTS--GENERAL INFORMATION
fixed length control field s1976 j 000 0 eng u
020 ## - INTERNATIONAL STANDARD BOOK NUMBER
International Standard Book Number 0802816460
040 ## - CATALOGING SOURCE
Transcribing agency
100 1# - MAIN ENTRY--PERSONAL NAME
Personal name Griffith, Leonard, 1920-
245 10 - TITLE STATEMENT
Title Gospel characters:
Remainder of title the personalities around Jesus.
260 ## - PUBLICATION, DISTRIBUTION, ETC. (IMPRINT)
Place of publication, distribution, etc Grand Rapids, MI., :
Name of publisher, distributor, etc Eerdmans
Date of publication, distribution, etc 1976
300 ## - PHYSICAL DESCRIPTION
Extent 192 p. ;
Dimensions 21 cm.
650 ## - SUBJECT ADDED ENTRY--TOPICAL TERM
Topical term or geographic name as entry element Bible New Testament Gospels
General subdivision Biography
650 ## - SUBJECT ADDED ENTRY--TOPICAL TERM
Topical term or geographic name as entry element Jesus Christ
General subdivision Friends and Associates
942 ## - ADDED ENTRY ELEMENTS (KOHA)
Source of classification or shelving scheme
Koha item type Books
Copies
Source of classification or shelving scheme Lost status Date acquired Barcode Shelving location Permanent Location Price effective from Koha item type Full call number Not for loan Withdrawn status Damaged status Copy number Date last seen
  2010-04-142818General StacksRHEMA Bible Training College2010-04-14BooksBS 2430 .G74 1976   12018-03-16